000 00515nam a2200169Ia 4500
003 GCL
008 140319s9999 xx 000 0 ara d
040 _aGCL /
_cGCL
082 0 4 _a279.081
_bص خ
100 1 _aصموئيل حبيب
245 1 0 _aالخلاص فى مفهومه الكتابى والتطبيقى /
_cصموئيل حبيب
260 _a[S.N] :
_bمكتبة النهضة المصرية ،
_c1981
300 _a112 ص
490 _a
650 0 4 _aالمسيحية - عبادات
942 _2ddc
_cBK
999 _c53793
_d53793